00697 2200253 4500001002100000005001500021035002000036007000300056008004100059020002200100082001100122084001700133100001800150245009700168250001000265260003700275300002300312650001800335700002100353700001700374520003000391990001100421990001100432INLIS00000000000344520190520110400 a0010-0519000037ta190520 g 0 ind  a978-602-1243-31-2 a297.72 a297.72 FAH k0 aFAHRUR, Mu'is1 aKultum dan Tausiyah Terlengkap Sepanjang Tahun /cFahrur Mu'is, Muhammad Suhadi, Amar Rochim acet.3 aSolo :bFatiha Publishing,c2018 a412 hlm. ;c21 cm. 4aISLAM. DAKWAH0 aMUHAMMAD, Suhadi0 aAMAR, Rochim aBibliografi: hlm. 409-412 a6597 a a6597 b